| 000 | 00730nam a2200265 a 4500 | ||
|---|---|---|---|
| 003 | AR-BaBNM | ||
| 005 | 20251128202802.0 | ||
| 008 | 082120s2002 ||||||||||||||000 | spa|| | ||
| 040 | _cAR-BaBNM | ||
| 100 | 1 | _aBufano, Alfredo R. | |
| 245 | 0 | 0 | _aAlfredo R. Bufano |
| 260 |
_aMendoza _bEdiciones Biblioteca San Martín _c1960 |
||
| 300 |
_a84 p. _bil. |
||
| 490 | 0 |
_aCuadernos de versión. Los poetas _vv. 5 |
|
| 500 | _aContiene referencias bibliográficas en p. 81 | ||
| 650 | 4 | _aLITERATURA ARGENTINA | |
| 650 | 4 | _aPOESIA | |
| 650 | 4 | _aLITERATURA FOLKLORICA | |
| 650 | 4 | _aANTOLOGIAS | |
| 653 | _aINFLUENCIA CLASICA | ||
| 655 | _aLITERATURA | ||
| 700 | 1 |
_aCalí, Américo _ecompilador |
|
| 942 | _cBK | ||
| 998 | _cMARTIN | ||
| 999 |
_c557 _d557 |
||